[Event "KGZ-ch"]
[Site "Bishkek"]
[Date "2022.05.09"]
[Round "10"]
[White "Esenbek Uulu, Ilimbek"]
[Black "Imanaliev, Taalaibek"]
[Result "1/2-1/2"]
[WhiteElo "2150"]
[BlackElo "2315"]
[PlyCount "140"]
[EventDate "2022.04.30"]
[EventType "swiss"]
[EventRounds "11"]
[EventCountry "KGZ"]
[SourceTitle "EXT 2023"]
[Source "ChessBase"]
[SourceDate "2022.10.05"]
[SourceVersion "1"]
[SourceVersionDate "2022.10.05"]
[SourceQuality "1"]

1. d4 d5 2. c4 c6 3. Nf3 Nf6 4. Nc3 dxc4 5. a4 Bg4 6. Ne5 Bh5 7. g3 e6 8. Bg2 a5 9. 0-0 Na6 10. f4 Nb4 11. Be3 Ng4 12. Nxg4 Bxg4 13. Bf2 f5 14. b3 cxb3 15. Qxb3 Qd7 16. e4 fxe4 17. Bxe4 Be7 18. Nd1 Nd5 19. Nb2 Bf5 20. Bf3 0-0 21. Nd3 Bd6 22. Be1 Qf7 23. Bd2 Qg6 24. Nf2 Rf7 25. Kh1 Nf6 26. Rfe1 Ng4 27. Nxg4 Bxg4 28. Bxg4 Qxg4 29. Rxe6 Bf8 30. Rae1 Rd8 31. Bxa5 Rxd4 32. Re8 Qd7 33. Rd8 Qxd8 34. Bxd8 Rxd8 35. Re5 g6 36. f5 Bd6 37. Re6 gxf5 38. Rf6 Rdd7 39. Qe6 Bf8 40. Rxf5 Rde7 41. Qb3 Bg7 42. Kg2 Kf8 43. g4 Rxf5 44. gxf5 Bd4 45. Qc4 c5 46. Qd5 Kg7 47. Kf3 Rf7 48. Kg4 b6 49. Qd8 Rf6 50. Qc7+ Kg8 51. Kg5 h6+ 52. Kg4 Kh8 53. h4 Kg8 54. h5 Kh8 55. Kf4 Kg8 56. Ke4 Kh8 57. Qd7 Kg8 58. Kd5 Kh8 59. Kc4 Kg8 60. Kb5 Kh8 61. Qe8+ Kg7 62. Ka6 Kh7 63. Kb7 Kg7 64. Qe4 Kg8 65. Qg4+ Kh7 66. Kc7 Kh8 67. Kd7 Kh7 68. Ke7 Kh8 69. Qh3 Kg7 70. Qh4 Kh7 1/2-1/2

[Event "KGZ-ch"]
[Site "Bishkek"]
[Date "2022.04.30"]
[Round "1"]
[White "Zholdoshmamatov, Adilet"]
[Black "Esenbek Uulu, Ilimbek"]
[Result "1/2-1/2"]
[WhiteElo "1532"]
[BlackElo "2150"]
[PlyCount "61"]
[EventDate "2022.04.30"]
[EventType "swiss"]
[EventRounds "11"]
[EventCountry "KGZ"]
[SourceTitle "EXT 2023"]
[Source "ChessBase"]
[SourceDate "2022.10.05"]
[SourceVersion "1"]
[SourceVersionDate "2022.10.05"]
[SourceQuality "1"]

1. e4 c5 2. Nc3 Nc6 3. Bb5 g6 4. Bxc6 dxc6 5. d3 Bg7 6. Be3 b6 7. Qd2 e5 8. Nge2 Be6 9. f4 Nf6 10. h3 Nh5 11. f5 gxf5 12. exf5 Bd5 13. 0-0-0 Nf6 14. Bh6 Rg8 15. Bxg7 Rxg7 16. g4 Bxh1 17. Rxh1 Nd5 18. Ne4 Qh4 19. c4 Nf6 20. Qc3 Nxe4 21. Qxe5+ Kf8 22. Qxe4 Re8 23. Qf3 h5 24. Nf4 hxg4 25. hxg4 Re1+ 26. Rxe1 Qxe1+ 27. Kc2 Rh7 28. Nh5 Qe5 29. Qxc6 Qe2+ 30. Kc3 Qe1+ 31. Kc2 1/2-1/2

[Event "Titled Tuesday intern op 07th Sept"]
[Site "Chess.com INT"]
[Date "2021.09.07"]
[Round "3"]
[White "Kislov, Oleg"]
[Black "Esenbek Uulu, Ilimbek"]
[Result "1-0"]
[WhiteElo "2249"]
[BlackElo "2150"]
[PlyCount "69"]
[EventDate "2021.09.07"]
[EventType "swiss (blitz)"]
[EventRounds "11"]
[EventCountry "USA"]
[SourceTitle "EXT 2022"]
[Source "ChessBase"]
[SourceDate "2021.10.06"]
[SourceVersion "1"]
[SourceVersionDate "2021.10.06"]
[SourceQuality "1"]

1. e4 d5 2. exd5 c6 3. dxc6 e6 4. Nf3 Bd6 5. d4 Ne7 6. Bd3 Nbxc6 7. c3 h6 8. 0-0 Bb8 9. Nbd2 Qc7 10. Ne4 b6 11. g3 Ng6 12. Qe2 0-0 13. Re1 Bb7 14. Ba6 Rd8 15. Bxb7 Qxb7 16. h4 Nce7 17. h5 Nf8 18. Ne5 f5 19. Nd2 f4 20. Ne4 fxg3 21. fxg3 Bxe5 22. dxe5 Nf5 23. Bf4 Rd7 24. Rad1 Rad8 25. Nd6 Nxd6 26. exd6 Qc6 27. Be5 Qc5+ 28. Rd4 Rxd6 29. Bxd6 Rxd6 30. Qe5 Rd5 31. Qe3 Rxh5 32. Rd8 Kh7 33. Qxc5 bxc5 34. Rxf8 Rg5 35. Kf2 1-0

[Event "Titled Tuesday intern op 17th Aug"]
[Site "Chess.com INT"]
[Date "2021.08.17"]
[Round "8"]
[White "Gulkov, Igor A"]
[Black "Esenbek Uulu, Ilimbek"]
[Result "1-0"]
[WhiteElo "2358"]
[BlackElo "2150"]
[PlyCount "63"]
[EventDate "2021.08.17"]
[EventType "swiss (blitz)"]
[EventRounds "11"]
[EventCountry "USA"]
[SourceTitle "EXT 2022"]
[Source "ChessBase"]
[SourceDate "2021.10.06"]
[SourceVersion "1"]
[SourceVersionDate "2021.10.06"]
[SourceQuality "1"]

1. Nf3 Nf6 2. c4 c6 3. Nc3 d5 4. d4 e6 5. Bg5 Nbd7 6. cxd5 exd5 7. e3 Be7 8. Qc2 0-0 9. Bd3 Re8 10. 0-0 Nf8 11. Rab1 Ng6 12. b4 a6 13. a4 Ne4 14. Bxe7 Qxe7 15. b5 axb5 16. axb5 Ra3 17. Bxe4 dxe4 18. Nd2 Bf5 19. bxc6 bxc6 20. Nc4 Ra6 21. Ra1 Rxa1 22. Rxa1 Nh4 23. Ne2 Qg5 24. Ng3 h5 25. Ne5 Re6 26. Ra8+ Kh7 27. Rh8+ Kxh8 28. Nxf7+ Kg8 29. Nxg5 Rg6 30. Nxf5 Nxf5 31. Qxe4 Rxg5 32. h4 1-0

[Event "Titled Tuesday intern op 10th Aug"]
[Site "Chess.com INT"]
[Date "2021.08.10"]
[Round "7"]
[White "Esenbek Uulu, Ilimbek"]
[Black "Drogovoz, Irina"]
[Result "0-1"]
[WhiteElo "2150"]
[BlackElo "2287"]
[PlyCount "44"]
[EventDate "2021.08.10"]
[EventType "swiss (blitz)"]
[EventRounds "11"]
[EventCountry "USA"]
[SourceTitle "CBM 203 Extra"]
[Source "ChessBase"]
[SourceDate "2021.09.30"]
[SourceVersion "1"]
[SourceVersionDate "2021.09.30"]
[SourceQuality "1"]

1. e4 c5 2. Nf3 d6 3. d4 cxd4 4. Nxd4 Nf6 5. Nc3 a6 6. Bc4 e6 7. 0-0 Be7 8. a4 0-0 9. Be3 Qc7 10. Ba2 Nc6 11. Kh1 Bd7 12. f4 Nxd4 13. Bxd4 Bc6 14. Qe1 b5 15. e5 dxe5 16. Bxe5 Qb7 17. axb5 Bxg2+ 18. Kg1 Bxf1 19. Qxf1 axb5 20. h3 b4 21. Ne2 Ra5 22. Bb3 Qa7+ 0-1

[Event "Titled Tuesday intern op 10th Aug"]
[Site "Chess.com INT"]
[Date "2021.08.10"]
[Round "5"]
[White "Kononenko, Dmitry1111"]
[Black "Esenbek Uulu, Ilimbek"]
[Result "0-1"]
[WhiteElo "2312"]
[BlackElo "2150"]
[PlyCount "70"]
[EventDate "2021.08.10"]
[EventType "swiss (blitz)"]
[EventRounds "11"]
[EventCountry "USA"]
[SourceTitle "CBM 203 Extra"]
[Source "ChessBase"]
[SourceDate "2021.09.30"]
[SourceVersion "1"]
[SourceVersionDate "2021.09.30"]
[SourceQuality "1"]

1. d4 Nf6 2. c4 e6 3. g3 d5 4. Nf3 Be7 5. Bg2 0-0 6. 0-0 dxc4 7. Qc2 a6 8. a4 Nc6 9. Qxc4 Bd7 10. Bf4 Nd5 11. Qc1 Nxf4 12. Qxf4 Nb4 13. Nc3 Bc6 14. e4 f5 15. e5 g5 16. Qd2 g4 17. Ne1 Bg5 18. Qd1 Qe8 19. Qb3 a5 20. d5 Bd7 21. Nc2 c5 22. dxc6 Bxc6 23. Nxb4 Bxg2 24. Kxg2 axb4 25. Qxb4 f4 26. Rad1 f3+ 27. Kg1 Qh5 28. Kh1 Qh3 29. Rg1 Rad8 30. Rxd8 Rxd8 31. Ne4 Rd1 32. Nf6+ Bxf6 33. Qxg4+ Qxg4 34. Rxd1 Qh3 35. Rg1 Bxe5 0-1

[Event "Titled Tuesday intern op 10th Aug"]
[Site "Chess.com INT"]
[Date "2021.08.10"]
[Round "8"]
[White "Manukyan, Artyom"]
[Black "Esenbek Uulu, Ilimbek"]
[Result "0-1"]
[WhiteElo "2097"]
[BlackElo "2150"]
[PlyCount "100"]
[EventDate "2021.08.10"]
[EventType "swiss (blitz)"]
[EventRounds "11"]
[EventCountry "USA"]
[SourceTitle "CBM 203 Extra"]
[Source "ChessBase"]
[SourceDate "2021.09.30"]
[SourceVersion "1"]
[SourceVersionDate "2021.09.30"]
[SourceQuality "1"]

1. e4 c5 2. Nc3 d6 3. f4 Nc6 4. Nf3 Bg4 5. Bc4 e6 6. h3 Bxf3 7. Qxf3 Nd4 8. Qd1 a6 9. 0-0 b5 10. Be2 b4 11. Nb1 g6 12. c3 Nc6 13. a3 Bg7 14. axb4 cxb4 15. d4 bxc3 16. bxc3 Nge7 17. Rxa6 0-0 18. Rxa8 Qxa8 19. Be3 Qa7 20. Nd2 e5 21. Nf3 exd4 22. cxd4 d5 23. Bf2 Rd8 24. e5 Rb8 25. g4 f5 26. Qa1 Qb7 27. Qa2 Qb3 28. Qxb3 Rxb3 29. Ra1 h6 30. g5 Kf7 31. h4 Nd8 32. gxh6 Bxh6 33. Ng5+ Bxg5 34. fxg5 Ne6 35. Ra7 Rb4 36. Bf3 Kf8 37. Ra8+ Kf7 38. Ra7 Ke8 39. Ra8+ Kd7 40. Ra7+ Nc7 41. Be1 Rb1 42. Kf2 Nc6 43. Ra4 Rb2+ 44. Kf1 Ne6 45. Bf2 Rb1+ 46. Kg2 Rb5 47. Kg3 f4+ 48. Kg4 Ng7 49. Be2 Rb8 50. Bd3 Ne7 0-1

[Event "Titled Tuesday intern op 10th Aug"]
[Site "Chess.com INT"]
[Date "2021.08.10"]
[Round "4"]
[White "Obolentseva, Alexandra"]
[Black "Esenbek Uulu, Ilimbek"]
[Result "0-1"]
[WhiteElo "2302"]
[BlackElo "2150"]
[PlyCount "128"]
[EventDate "2021.08.10"]
[EventType "swiss (blitz)"]
[EventRounds "11"]
[EventCountry "USA"]
[SourceTitle "CBM 203 Extra"]
[Source "ChessBase"]
[SourceDate "2021.09.30"]
[SourceVersion "1"]
[SourceVersionDate "2021.09.30"]
[SourceQuality "1"]

1. d4 Nf6 2. c4 e6 3. Nc3 Bb4 4. Qc2 0-0 5. Nf3 b6 6. Bf4 Bb7 7. e3 d6 8. Be2 Nbd7 9. 0-0 Bxc3 10. Qxc3 Ne4 11. Qc2 f5 12. Nd2 e5 13. Bg3 Nxd2 14. Qxd2 Qf6 15. dxe5 Nxe5 16. b3 Rae8 17. Rad1 a5 18. Qd4 Nd7 19. Qxf6 Nxf6 20. Bf3 Bxf3 21. gxf3 g5 22. h4 h6 23. hxg5 hxg5 24. f4 g4 25. Kg2 Kf7 26. Rh1 Rh8 27. Bh4 Ne4 28. Rd5 Ke6 29. Bg3 Rxh1 30. Kxh1 Rh8+ 31. Kg2 Rh3 32. Rd1 c6 33. a3 Nc3 34. Rc1 Ne4 35. b4 axb4 36. axb4 d5 37. cxd5+ Kxd5 38. Rd1+ Kc4 39. Rd4+ Kb5 40. Rd8 Kxb4 41. Rf8 Rh5 42. Rb8 b5 43. Kf1 c5 44. Ke2 Rh1 45. Rf8 Nc3+ 46. Kd2 Kb3 47. e4 Nxe4+ 48. Kd3 Rd1+ 49. Ke3 Re1+ 50. Kd3 c4+ 51. Kd4 c3 52. Rb8 b4 53. f3 Nd2 54. Bxe1 Nxf3+ 55. Ke3 Nxe1 56. Ke2 Nf3 57. Kd1 c2+ 58. Kc1 Ne1 59. Rd8 g3 60. Re8 Nd3+ 61. Kd2 c1Q+ 62. Kxd3 Qd1+ 63. Ke3 Qe1+ 64. Kf3 Qf2# 0-1

[Event "SCO National Chess Online"]
[Site "Chess.com INT"]
[Date "2020.09.27"]
[Round "8.3"]
[White "Esenbek Uulu, Ilimbek"]
[Black "Aravindh, Chithambaram VR"]
[Result "0-1"]
[WhiteElo "2190"]
[BlackElo "2641"]
[PlyCount "80"]
[EventDate "2020.09.26"]
[EventType "team (rapid)"]
[EventRounds "9"]
[EventCountry "USA"]
[SourceTitle "CBM 198 Extra"]
[Source "ChessBase"]
[SourceDate "2020.11.30"]
[SourceVersion "1"]
[SourceVersionDate "2020.11.30"]
[SourceQuality "1"]
[WhiteTeam "Kyrgyzstan "]
[BlackTeam "India "]
[WhiteTeamCountry "KGZ"]
[BlackTeamCountry "IND"]

1. d4 Nf6 2. c4 e6 3. Nc3 d5 4. cxd5 exd5 5. Bg5 c6 6. e3 Bf5 7. Qb3 Nbd7 8. Qxb7 Rb8 9. Qxc6 Rxb2 10. Bxf6 Qxf6 11. Qxf6 Nxf6 12. Bb5+ Kd8 13. Nge2 Ba3 14. 0-0 Ke7 15. Nf4 Rc8 16. Ncxd5+ Nxd5 17. Nxd5+ Kd6 18. Ba4 Kxd5 19. Bb3+ Kd6 20. Bxf7 Be6 21. Bh5 Rcc2 22. Bd1 Rd2 23. Bb3 Bxb3 24. axb3 Rxb3 25. g3 a5 26. Kg2 Rxe3 27. d5 Rb3 28. h4 Kxd5 29. Kh3 Bb4 30. h5 Ra3 31. Rab1 Rd4 32. f3 a4 33. f4 Rb3 34. Kg4 Rxb1 35. Rxb1 a3 36. Ra1 Rd2 37. Kg5 a2 38. h6 Be7+ 39. Kf5 g6+ 40. Kg4 Bf6 0-1

[Event "KGZ-ch"]
[Site "Bishkek"]
[Date "2019.04.20"]
[Round "8"]
[White "Esenbek Uulu, Ilimbek"]
[Black "Abdyjapar, Asyl"]
[Result "1/2-1/2"]
[WhiteElo "2174"]
[BlackElo "2396"]
[PlyCount "158"]
[EventDate "2019.04.13"]
[EventType "swiss"]
[EventRounds "9"]
[EventCountry "KGZ"]
[SourceTitle "CBM 190 Extra"]
[Source "ChessBase"]
[SourceDate "2019.07.15"]
[SourceVersion "1"]
[SourceVersionDate "2019.07.15"]
[SourceQuality "1"]

1. d4 d5 2. c4 e6 3. Nc3 Nf6 4. Bg5 Be7 5. e3 0-0 6. Nf3 h6 7. Bh4 Ne4 8. Bxe7 Qxe7 9. Qc2 Nxc3 10. Qxc3 c6 11. c5 b6 12. b4 a5 13. a3 Qa7 14. b5 bxc5 15. dxc5 cxb5 16. Bxb5 Ba6 17. a4 Rc8 18. Rc1 Bxb5 19. axb5 Nd7 20. c6 Nb6 21. 0-0 a4 22. Rc2 a3 23. Ra2 Qa4 24. Rb1 Ra5 25. Qb3 Rca8 26. Qxa4 Rxa4 27. Rb3 Kf8 28. Kf1 Ke7 29. Ne5 f6 30. Nd3 Kd6 31. Ke2 g5 32. Nb4 Nc4 33. Nc2 e5 34. Kd3 h5 35. Kc3 Kc5 36. Kd3 R4a5 37. c7 Rc8 38. Nxa3 Rxc7 39. Rc2 e4+ 40. Ke2 Rca7 41. Nxc4 dxc4 42. b6 Rb7 43. Rb1 f5 44. f3 Rb5 45. Rbc1 exf3+ 46. Kxf3 Rb4 47. h4 gxh4 48. Kf4 Re7 49. Rc3 Rg7 50. R1c2 Rg4+ 51. Kxf5 Kxb6 52. e4 Kb5 53. e5 Rb1 54. e6 Rf1+ 55. Rf3 Re1 56. Kf6 Rge4 57. Rf5+ Kb4 58. Rb2+ Kc3 59. Rb6 R1e2 60. Rxh5 Rxg2 61. Rb7 Rf2+ 62. Rf5 Rfe2 63. e7 Kc2 64. Rc7 h3 65. Rh5 h2 66. e8Q Rxe8 67. Rxc4+ Kd3 68. Rch4 Rf2+ 69. Kg7 Re7+ 70. Kg6 Re6+ 71. Kg7 Ree2 72. Rd5+ Kc2 73. Rc4+ Kb3 74. Rh4 Rf4 75. Rh3+ Kc2 76. Rdh5 Rff2 77. Rc5+ Kd1 78. Ra5 Rg2+ 79. Kh7 Re8 1/2-1/2

[Event "Abu Dhabi op 25th"]
[Site "Abu Dhabi"]
[Date "2018.08.13"]
[Round "7"]
[White "Soumya, Swaminathan"]
[Black "Esenbek Uulu, Ilimbek"]
[Result "1-0"]
[WhiteElo "2361"]
[BlackElo "2159"]
[PlyCount "57"]
[EventDate "2018.08.07"]
[EventType "swiss"]
[EventRounds "9"]
[EventCountry "UAE"]
[SourceTitle "CBM 185 Extra"]
[Source "ChessBase"]
[SourceDate "2018.07.29"]
[SourceVersion "1"]
[SourceVersionDate "2018.07.29"]
[SourceQuality "1"]

1. e4 c5 2. Nf3 d6 3. d4 cxd4 4. Nxd4 Nf6 5. Nc3 Nc6 6. Bg5 e6 7. Qd2 Be7 8. f4 h6 9. Bxf6 Bxf6 10. Ndb5 0-0 11. 0-0-0 e5 12. g3 a6 13. Nxd6 Nd4 14. Nxc8 Rxc8 15. Kb1 Re8 16. Bg2 Rc4 17. Qd3 b5 18. Rd2 Qa5 19. Nd5 Rec8 20. c3 b4 21. cxb4 Qb5 22. Bh3 Rd8 23. a4 Qc6 24. b3 Rxd5 25. exd5 Qxd5 26. Bg2 Qe6 27. bxc4 e4 28. Bxe4 Qb6 29. Rb2 1-0

[Event "Abu Dhabi op 25th"]
[Site "Abu Dhabi"]
[Date "2018.08.11"]
[Round "5"]
[White "Al Hajiri, Bader"]
[Black "Esenbek Uulu, Ilimbek"]
[Result "0-1"]
[WhiteElo "2120"]
[BlackElo "2159"]
[PlyCount "50"]
[EventDate "2018.08.07"]
[EventType "swiss"]
[EventRounds "9"]
[EventCountry "UAE"]
[SourceTitle "CBM 185 Extra"]
[Source "ChessBase"]
[SourceDate "2018.07.29"]
[SourceVersion "1"]
[SourceVersionDate "2018.07.29"]
[SourceQuality "1"]

1. e4 e5 2. Nf3 Nc6 3. Bc4 Nf6 4. Ng5 d5 5. exd5 Na5 6. Bb5+ c6 7. dxc6 bxc6 8. Qf3 Rb8 9. Bxc6+ Nxc6 10. Qxc6+ Nd7 11. d3 Be7 12. Ne4 Rb6 13. Qa4 0-0 14. Nbc3 f5 15. Ng3 Rb4 16. Qc6 Kh8 17. Nd5 f4 18. Nxb4 Bxb4+ 19. c3 fxg3 20. hxg3 Bc5 21. Qg6 Bxf2+ 22. Ke2 Nf6 23. Bg5 Bg4+ 24. Kd2 Qb6 25. Kc2 Kg8 0-1

[Event "KGZ-ch HL"]
[Site "Bishkek"]
[Date "2018.05.19"]
[Round "9"]
[White "Esenbek Uulu, Ilimbek"]
[Black "Mamatov, Melis"]
[Result "0-1"]
[WhiteElo "2179"]
[BlackElo "2196"]
[PlyCount "51"]
[EventDate "2018.05.11"]
[EventType "swiss"]
[EventRounds "9"]
[EventCountry "KGZ"]
[SourceTitle "EXT 2019"]
[Source "ChessBase"]
[SourceDate "2018.10.10"]
[SourceVersion "1"]
[SourceVersionDate "2018.10.10"]
[SourceQuality "1"]

1. e4 c5 2. Nf3 d6 3. d4 cxd4 4. Nxd4 Nf6 5. Nc3 e5 6. Bb5+ Nbd7 7. Nf5 a6 8. Bxd7+ Qxd7 9. Ne3 Qc6 10. 0-0 Be6 11. f4 Nxe4 12. Ncd5 g6 13. f5 gxf5 14. c4 f4 15. Qf3 Nc5 16. Nf6+ Kd8 17. Ned5 Bg7 18. Nh5 Rg8 19. Bxf4 exf4 20. Nxg7 Rxg7 21. Qxf4 Kd7 22. Qd4 Rag8 23. Rf2 Bxd5 24. cxd5 Qa4 25. b4 Rg4 26. Rxf7+ 0-1

[Event "KGZ-ch HL"]
[Site "Bishkek"]
[Date "2018.05.15"]
[Round "5"]
[White "Esenbek Uulu, Ilimbek"]
[Black "Orozbaev, Eldiar"]
[Result "1-0"]
[WhiteElo "2179"]
[BlackElo "1677"]
[PlyCount "53"]
[EventDate "2018.05.11"]
[EventType "swiss"]
[EventRounds "9"]
[EventCountry "KGZ"]
[SourceTitle "EXT 2019"]
[Source "ChessBase"]
[SourceDate "2018.10.10"]
[SourceVersion "1"]
[SourceVersionDate "2018.10.10"]
[SourceQuality "1"]

1. e4 c5 2. Nf3 d6 3. d4 cxd4 4. Nxd4 Nf6 5. Nc3 a6 6. Bc4 Qc7 7. Bb3 e6 8. 0-0 Be7 9. f4 b6 10. f5 e5 11. Nd5 Qa7 12. Ne2 Nbd7 13. Nec3 Nc5 14. Nxf6+ gxf6 15. Bxf7+ Kd8 16. b4 Nd7 17. Be3 Bb7 18. Nd5 Rc8 19. c4 h5 20. a4 a5 21. Be6 Bxd5 22. Qxd5 axb4 23. a5 Qc7 24. Bxd7 Kxd7 25. axb6 Qxc4 26. Qb7+ Ke8 27. Rfc1 1-0

[Event "KGZ-ch HL"]
[Site "Bishkek"]
[Date "2018.05.13"]
[Round "3"]
[White "Esenbek Uulu, Ilimbek"]
[Black "Maznitsin, Andrei"]
[Result "0-1"]
[WhiteElo "2179"]
[BlackElo "2291"]
[PlyCount "48"]
[EventDate "2018.05.11"]
[EventType "swiss"]
[EventRounds "9"]
[EventCountry "KGZ"]
[SourceTitle "EXT 2019"]
[Source "ChessBase"]
[SourceDate "2018.10.10"]
[SourceVersion "1"]
[SourceVersionDate "2018.10.10"]
[SourceQuality "1"]

1. e4 c6 2. d4 d5 3. exd5 cxd5 4. c4 Nf6 5. Nc3 e6 6. Nf3 Be7 7. a3 0-0 8. Bd3 dxc4 9. Bxc4 a6 10. 0-0 b5 11. Ba2 Bb7 12. Bg5 Nbd7 13. Re1 Nb6 14. Ne5 Rc8 15. Qd3 Nbd5 16. Bb1 g6 17. Bh6 Re8 18. Qh3 Qb6 19. Ne4 Qxd4 20. Nxf7 Nxe4 21. Be3 Nxe3 22. fxe3 Qxb2 23. Ra2 Rc1 24. Nh6+ Kg7 0-1

[Event "KGZ-ch FL"]
[Site "Bishkek"]
[Date "2017.02.15"]
[Round "4"]
[White "Degenbaev, Aziz"]
[Black "Esenbek Uulu, Ilimbek"]
[Result "1/2-1/2"]
[WhiteElo "1585"]
[BlackElo "2130"]
[PlyCount "63"]
[EventDate "2017.02.15"]
[EventType "swiss"]
[EventRounds "9"]
[EventCountry "KGZ"]
[SourceTitle "CBM 177 Extra"]
[Source "ChessBase"]
[SourceDate "2017.04.27"]
[SourceVersion "1"]
[SourceVersionDate "2017.04.27"]
[SourceQuality "1"]

1. e4 d6 2. d4 Nf6 3. Nc3 g6 4. Nf3 Bg7 5. h3 0-0 6. Bd3 c6 7. Be3 b5 8. a3 Bb7 9. 0-0 Nbd7 10. Re1 a6 11. e5 dxe5 12. dxe5 Ne8 13. Bf4 Nc7 14. Qd2 Ne6 15. Bh6 Ndc5 16. Rad1 Nxd3 17. cxd3 c5 18. Bxg7 Kxg7 19. Ne4 Rc8 20. Nh2 h5 21. Ng5 Qd5 22. Nxe6+ fxe6 23. Qg5 Rf5 24. Qxe7+ Rf7 25. Qg5 Rcf8 26. Rd2 Rf5 27. Qg3 h4 28. Qg4 Rf4 29. Qg5 R8f5 30. Qe7+ Rf7 31. Qg5 R4f5 32. Qg4 1/2-1/2

[Event "Karakol Derbishev Memorial"]
[Site "Karakol"]
[Date "2017.??.??"]
[Round "3"]
[White "Esenbek Uulu, Ilimbek"]
[Black "Iuldashev, Akmataly"]
[Result "1-0"]
[WhiteElo "2161"]
[BlackElo "1814"]
[PlyCount "67"]
[EventDate "2017.08.16"]
[EventType "swiss"]
[EventRounds "9"]
[EventCountry "KGZ"]
[SourceTitle "CBM 180 Extra"]
[Source "ChessBase"]
[SourceDate "2017.10.06"]
[SourceVersion "1"]
[SourceVersionDate "2017.10.06"]
[SourceQuality "1"]

1. e4 e5 2. Nf3 d6 3. d4 f5 4. Nc3 fxe4 5. Nxe4 d5 6. Nxe5 dxe4 7. Qh5+ g6 8. Nxg6 Nf6 9. Qe5+ Kf7 10. Nxh8+ Kg7 11. Bg5 Be7 12. Nf7 Kxf7 13. Bc4+ Kg7 14. Qg3 Kh8 15. Bh6 Ng4 16. Be3 Nxe3 17. Qxe3 Bf5 18. 0-0 Nd7 19. Be2 Nf8 20. Rad1 c6 21. f3 Bg5 22. f4 Bh6 23. g4 Bg6 24. g5 Bg7 25. f5 Bxf5 26. Rxf5 Ne6 27. c3 Qd7 28. Qxe4 Re8 29. Bh5 Re7 30. Re1 Kg8 31. Bg4 Qe8 32. Rff1 Qd8 33. Bxe6+ Kh8 34. Qf5 1-0